Tìm hiểu xã hội Việt Nam thời Lý Trần

Nghiên cứu hình thái kinh tế, thể chế chính trị, kết cấu đẳng cấp, văn hoá tư tưởng của xã hội VN thời Lý Trần; chế độ sở hữu nhà nước về ruộng đất, công tác thuỷ lợi, tình hình thủ công nghiệp, cấu trúc xã hội chính trị, luật pháp, tư tưởng chính trị xã hội, giáo dục khoa cử...

全面介紹

Đã lưu trong:
書目詳細資料
企業作者: Viện sử học. Uỷ ban khoa học xã hội Việt nam
其他作者: Trương Hữu Quýnh (Tác giả), Trần Thị Vinh (Tác giả), Phạm Văn Kính (Tác giả), Lê Kim Ngân (Tác giả), Nguyễn Thừa Hỷ (Tác giả)
格式: 圖書
語言:Vietnamese
出版: H. Khoa học xã hội 1980
主題:
標簽: 添加標簽
沒有標簽, 成為第一個標記此記錄!
Thư viện lưu trữ: Mạng thư viện Đại học Đà Nẵng
LEADER 01918nam a22004698a 4500
001 000009956
003 6154
005 20111104101109.0
008 111104s1980 b 000 0 vieod
020 |c 2400đ 
041 0 |a vie 
080 |a 9(V)1 
082 |a 959.704  |b Tim 
084 |a D3  |b T310H 
110 |a Viện sử học. Uỷ ban khoa học xã hội Việt nam 
245 1 0 |a Tìm hiểu xã hội Việt Nam thời Lý Trần  |c Vũ Huy Phúc, Trương Hữu Quýnh, Trần Thị Vinh... 
260 |a H.  |b Khoa học xã hội  |c 1980 
300 |a 691tr  |c 19cm 
520 |a Nghiên cứu hình thái kinh tế, thể chế chính trị, kết cấu đẳng cấp, văn hoá tư tưởng của xã hội VN thời Lý Trần; chế độ sở hữu nhà nước về ruộng đất, công tác thuỷ lợi, tình hình thủ công nghiệp, cấu trúc xã hội chính trị, luật pháp, tư tưởng chính trị xã hội, giáo dục khoa cử 
653 |a lịch sử trung đại 
653 |a thế kỷ 11-14 
653 |a thời Lý-Trần 
653 |a Việt Nam 
653 |a kinh tế 
653 |a xã hội 
653 |a văn hoá 
700 1 |a Trương Hữu Quýnh  |e Tác giả 
700 1 |a Trần Thị Vinh  |e Tác giả 
700 1 |a Phạm Văn Kính  |e Tác giả 
700 1 |a Lê Kim Ngân  |e Tác giả 
700 1 |a Nguyễn Thừa Hỷ  |e Tác giả 
910 |a Nguyễn Thị Kim Oanh  |d 4/11/2011 
OWN |a LSP 
AVA |a UDN50  |b LSP  |d 959.704 Tim  |e unavailable  |t Error 5002 Not defined in file expand_doc_bib_avail.  |f 1  |g 1  |h N  |i 0  |k 1 
999 |a From the UDN01 
AVA |a UDN50  |b LSP  |d 959.704 Tim  |e unavailable  |t Error 5002 Not defined in file expand_doc_bib_avail.  |f 1  |g 1  |h N  |i 0  |k 1 
TYP |a Monograph 
TYP |a Printed language 
980 |a Mạng thư viện Đại học Đà Nẵng